1539 1537 1927 1043 1214 1360 1340 1847 1939 1014 1762 1955 1468 1457 1756 1902 1033 1476 1508 1678 1046 1250 1087 1127 1235 1988 1267 1981 1102 1036 1697 1154 1377 1691 1150 1609 1407 1583 1955 1521 1851 1186 1450 1854 1604 1411 1829 1031 1195 1092 1091 1542 1559 1994 1835 1703 1022 1805 1055 1024 1549 1960 1001 1585 1714 1542 1378 1305 1209 1451 1813 1730 1042 1307 1192 1758 1768 1119 1709 1966 1380 1229 1593 1696 1833 1847 1300 1480 1111 1442 1119 1045 1917 1657 1868 1049 1130 1007 1812 BCNSPRNW ULIB Ver.6.0+V

เปลี่ยนเป็นภาษาไทย

Change to English
 แสดงรายละเอียดบรรณานุกรม
  กลับหน้าหลัก

Brief Record : Get Marc (ISO 2709) : E-mail record : QR code < ปิดหน้าต่าง
LEADER : 00000nam 2200000uu 4500
001    13399124825
003     ULIB
008    160403s2558||||th 000 0 tha d
020    ^a9786161606916
060 04 ^aWY105^bส237ส
245 00 ^aสู่กระบวนทัศน์ใหม่ของผู้บริหารการพยาบาล =^bTowards a new paradigm of nurse executives. /^cสมใจ พุทธาพิทักษ์ผล และ บุญทิพย์ สิริธรังศรีฐ, บรรณาธิการ
246 31 ^aTowards a new paradigm of nurse executives.
260    ^aนนทบุรี :^bมหาวิทยาลัยสุโขทัยธรรมาธิราช,^c2558
300    ^a187 หน้า ;ภาพประกอบ, ^c22 ซม.
500    ^aกฎหมาย จรรยาบรรณ
650  4 ^aการพยาบาล^xการบริหาร
650  4 ^aผู้บริหาร
700 0  ^aสมใจ พุทธาพิทักษ์ผล
700 0  ^aบุญทิพย์ สิริธรังศรีฐ
945    ^p290^l0^i000398
945    ^p290^l0^i000399
945    ^p290^l0^i000400
945    ^p290^l0^i000401
945    ^p290^l0^i000402
945    ^p290^l0^i000403
945    ^p290^l0^i000404
945    ^p290^l0^i000405
945    ^p290^l0^i000406
945    ^p290^l0^i000407
945    ^p290^l0^i000408
945    ^p290^l0^i000409
945    ^p290^l0^i000410
945    ^p290^l0^i000411
945    ^p290^l0^i000412
999    ^aเกษร โพธิ์สุวรรณ
รายการนี้ยังไม่มีแท็ก
คุณยังไม่ได้ล็อกอิน คุณสามารถมีกิจกรรมร่วมกับเว็บไซต์ได้ แต่ต้องล็อกอินก่อน ::
  ล็อกอิน

รายการสื่อสารสนเทศ

ลำดับที่ ประเภท เลขเรียก/บาร์โค้ด สถานที่ สถานะ
1. Book การพยาบาล
หนังสือสำรอง
สถานะ=หนังสือสำรอง
WY105 ส237ส ฉ.1 
  Barcode: 000398
ห้องสมุดวิทยาเขตสวรรค์ประชารักษ์
►หนังสือทั่วไป
บนชั้น
2. Book การพยาบาล
Book การพยาบาล
WY105 ส237ส ฉ.10 
  Barcode: 000407
ห้องสมุดวิทยาเขตสวรรค์ประชารักษ์
►หนังสือทั่วไป
บนชั้น
3. Book การพยาบาล
Book การพยาบาล
WY105 ส237ส ฉ.11 
  Barcode: 000408
ห้องสมุดวิทยาเขตสวรรค์ประชารักษ์
►หนังสือทั่วไป
บนชั้น
4. Book การพยาบาล
Book การพยาบาล
WY105 ส237ส ฉ.12 
  Barcode: 000409
ห้องสมุดวิทยาเขตสวรรค์ประชารักษ์
►หนังสือทั่วไป
บนชั้น
5. Book การพยาบาล
Book การพยาบาล
WY105 ส237ส ฉ.13 
  Barcode: 000410
ห้องสมุดวิทยาเขตสวรรค์ประชารักษ์
►หนังสือทั่วไป
บนชั้น
6. Book การพยาบาล
Book การพยาบาล
WY105 ส237ส ฉ.14 
  Barcode: 000411
ห้องสมุดวิทยาเขตสวรรค์ประชารักษ์
►หนังสือทั่วไป
บนชั้น
7. Book การพยาบาล
Book การพยาบาล
WY105 ส237ส ฉ.15 
  Barcode: 000412
ห้องสมุดวิทยาเขตสวรรค์ประชารักษ์
►หนังสือทั่วไป
บนชั้น
8. Book การพยาบาล
Book การพยาบาล
WY105 ส237ส ฉ.2 
  Barcode: 000399
ห้องสมุดวิทยาเขตสวรรค์ประชารักษ์
►หนังสือทั่วไป
บนชั้น
9. Book การพยาบาล
Book การพยาบาล
WY105 ส237ส ฉ.3 
  Barcode: 000400
ห้องสมุดวิทยาเขตสวรรค์ประชารักษ์
►หนังสือทั่วไป
บนชั้น
10. Book การพยาบาล
Book การพยาบาล
WY105 ส237ส ฉ.4 
  Barcode: 000401
ห้องสมุดวิทยาเขตสวรรค์ประชารักษ์
►หนังสือทั่วไป
บนชั้น
11. Book การพยาบาล
Book การพยาบาล
WY105 ส237ส ฉ.5 
  Barcode: 000402
ห้องสมุดวิทยาเขตสวรรค์ประชารักษ์
►หนังสือทั่วไป
บนชั้น
12. Book การพยาบาล
Book การพยาบาล
WY105 ส237ส ฉ.6 
  Barcode: 000403
ห้องสมุดวิทยาเขตสวรรค์ประชารักษ์
►หนังสือทั่วไป
บนชั้น
13. Book การพยาบาล
Book การพยาบาล
WY105 ส237ส ฉ.7 
  Barcode: 000404
ห้องสมุดวิทยาเขตสวรรค์ประชารักษ์
►หนังสือทั่วไป
บนชั้น
14. Book การพยาบาล
Book การพยาบาล
WY105 ส237ส ฉ.8 
  Barcode: 000405
ห้องสมุดวิทยาเขตสวรรค์ประชารักษ์
►หนังสือทั่วไป
บนชั้น
15. Book การพยาบาล
Book การพยาบาล
WY105 ส237ส ฉ.9 
  Barcode: 000406
ห้องสมุดวิทยาเขตสวรรค์ประชารักษ์
►หนังสือทั่วไป
บนชั้น

รายการใกล้เคียง
    หัวเรื่อง [ผู้บริหาร]

BibComment


ยังไม่เคยถูกคอมเมนท์

คอมเมนท์ทรัพยากรรายการนี้
  คอมเมนท์: สู่กระบวนทัศน์ให..


 Copyright 2026. Bcnsprnw @Library